{"text_format":"3","workbook":"xlsx","n_sheets":1,"sheets":["Sheet1"],"read":"whole","date_system":"1900"}

{"sheet":"Sheet1","index":0,"n_rows":67,"n_cols":6,"rows_kept":67}
["Transaction ID","Customer","Item","Unit Price ($)","Quantity","Revenue ($)"]
["T1000","Lucas King","Jacket",179,47,{"$f":"D2*E2","v":8413}]
["T1001","Jessica Davis","Hat",199,17,3383]
["T1002","Ruby Scott","Shoes",25,11,275]
["T1003","John Smith","Bag",138,30,4140]
["T1004","Emma Lee","Shoes",119,50,5950]
["T1005","Emma Lee","Bag",84,16,1344]
["T1006","Michael Brown","Hat",162,39,6318]
["T1007","Michael Brown","Hat",35,29,1015]
["T1008","Liam Thompson","Bag",97,37,3589]
["T1009","Sophie Walker","Hat",136,40,5440]
["T1010","Jessica Davis","Jacket",31,32,992]
["T1011","Mason Hall","Bag",139,18,2502]
["T1012","Lucas King","Jacket",179,65,11635]
["T1013","Jessica Davis","Hat",199,16,3184]
["T1014","Ruby Scott","Shoes",25,46,1150]
["T1015","John Smith","Bag",138,37,5106]
["T1016","Emma Lee","Shoes",119,51,6069]
["T1017","Emma Lee","Bag",84,81,6804]
["T1018","Lucas King","Hat",162,35,5670]
["T1019","Jessica Davis","Hat",35,30,1050]
["T1020","Ruby Scott","Bag",97,77,7469]
["T1021","John Smith","Hat",136,35,4760]
["T1022","Emma Lee","Jacket",31,84,2604]
["T1023","Emma Lee","Bag",139,31,4309]
["T1024","Michael Brown","Jacket",179,71,12709]
["T1025","Michael Brown","Hat",199,34,6766]
["T1026","Lucas King","Shoes",25,53,1325]
["T1027","Jessica Davis","Bag",138,88,12144]
["T1028","Ruby Scott","Shoes",119,87,10353]
["T1029","Ruby Scott","Hat",162,88,14256]
["T1030","John Smith","Bag",35,35,1225]
["T1031","Emma Lee","Hat",97,30,2910]
["T1032","Emma Lee","Jacket",136,77,10472]
["T1033","Lucas King","Bag",31,35,1085]
["T1034","Jessica Davis","Jacket",139,84,11676]
["T1035","Ruby Scott","Hat",179,31,5549]
["T1036","John Smith","Shoes",199,71,14129]
["T1037","Emma Lee","Bag",25,34,850]
["T1038","Emma Lee","Shoes",138,53,7314]
["T1039","Lucas King","Shoes",25,53,1325]
["T1040","Jessica Davis","Bag",138,88,12144]
["T1041","Ruby Scott","Shoes",119,87,10353]
["T1042","Ruby Scott","Hat",162,88,14256]
["T1043","John Smith","Bag",35,35,1225]
["T1044","Emma Lee","Hat",97,30,2910]
["T1045","Emma Lee","Jacket",136,77,10472]
["T1046","Lucas King","Bag",31,35,1085]
["T1047","Jessica Davis","Jacket",139,84,11676]
["T1048","Ruby Scott","Hat",179,31,5549]
["T1049","John Smith","Shoes",199,71,14129]
["T1050","Emma Lee","Bag",25,34,850]
["T1051","Lucas King","Bag",138,88,12144]
["T1052","Jessica Davis","Shoes",119,87,10353]
["T1053","Ruby Scott","Hat",162,88,14256]
["T1054","Ruby Scott","Bag",35,35,1225]
["T1055","John Smith","Hat",97,30,2910]
["T1056","Emma Lee","Jacket",136,77,10472]
["T1057","Emma Lee","Bag",31,35,1085]
["T1058","Lucas King","Jacket",139,84,11676]
["T1059","Jessica Davis","Hat",179,31,5549]
["T1060","Ruby Scott","Shoes",199,71,14129]
["T1061","John Smith","Bag",25,34,850]
["T1062","Emma Lee","Bag",138,88,12144]
["T1063","Lucas King","Shoes",119,87,10353]
["T1064","Jessica Davis","Hat",162,88,{"$f":"D66*E66","v":14256}]
["T1065","Ruby Scott","Bag",35,35,1225]